Prévenir les risques et s'adapter au changement global – 5ème - Statistiques

Statistiques générales
  • Ce quiz a été pris 75 fois
    68 depuis la dernière actualisation
  • Le résultat moyen est 6 sur 10
Statistiques - réponses
Question Réponse % Correct
Lequel de ces évènements n'est pas un risque climatique ? Epidémie.
82%
Lequel de ces phénomènes climatiques n'a pas de rapport avec le changement global ? Le verglas en hiver.
82%
Qu'est-ce qui est à l'origine du changement climatique ? L'utilisation du pétrole, du charbon et du gaz.
82%
Comment devrait évoluer le niveau des océans d'ici 2100 ? Augmente de 1 mètres.
80%
Quels sont les deux dangers qui menacent les côtes françaises ? Erosion et submersion.
75%
Qu'est-ce que l'énergie nucléaire ? La production d'éléctricité par l'explosion de petits éléments chimiques appelés atomes.
66%
Quels types de risques ne peuvent pas être totalement évités ? Risques climatiques
64%
Qu'est-ce que la prévention ? Ensemble d'actions faites pour empecher une catastrophe de se produire.
41%
Quel est le record de température en France depuis 2019 ? 46°C.
32%
Comment arrêter l'érosion des falaises ? C'est impossible.
25%
Aucun quiz correspondant
Distribution des résultats
% des personnes avec chaque résultat
Percentile par nombre de réponses
Votre historique - résultats
Vous n’avez pas pris ce quiz depuis la dernière actualisation